[Event "Asker CC-ch"]
[Site "Asker"]
[Date "2018.03.19"]
[Round "6"]
[White "Nilssen, Stale"]
[Black "Odegaard, Per"]
[Result "0-1"]
[WhiteElo "1593"]
[BlackElo "1947"]
[PlyCount "50"]
[EventDate "2018.01.15"]
[EventType "tourn"]
[EventRounds "9"]
[EventCountry "NOR"]
[SourceTitle "EXT 2019"]
[Source "ChessBase"]
[SourceDate "2018.10.10"]
[SourceVersion "1"]
[SourceVersionDate "2018.10.10"]
[SourceQuality "1"]

1. c4 g6 2. Nc3 d6 3. g3 Bg7 4. Bg2 Nf6 5. Nf3 0-0 6. 0-0 Nc6 7. d3 e5 8. Bd2 Nh5 9. Qc2 f5 10. Ng5 Ne7 11. Nd5 h6 12. Nxe7+ Qxe7 13. Nh3 f4 14. Bc3 Rb8 15. Rad1 Bf5 16. e4 Bxh3 17. Bxh3 f3 18. d4 Qg5 19. Be6+ Kh7 20. dxe5 Nf4 21. exd6 Nxe6 22. h4 Qg4 23. Kh2 Nf4 24. Rh1 Qh3+ 25. Kg1 Qg2# 0-1

[Event "Asker Autumn Master"]
[Site "Asker"]
[Date "2016.10.31"]
[Round "6"]
[White "Odegaard, Per"]
[Black "Grondahl, David A"]
[Result "1-0"]
[WhiteElo "1935"]
[BlackElo "1641"]
[PlyCount "93"]
[EventDate "2016.08.29"]
[EventType "tourn"]
[EventRounds "9"]
[EventCountry "NOR"]
[SourceTitle "EXT 2024"]
[Source "ChessBase"]
[SourceDate "2023.10.10"]
[SourceVersion "1"]
[SourceVersionDate "2023.10.10"]
[SourceQuality "1"]

1. e4 e5 2. f4 exf4 3. Nf3 g5 4. Bc4 d6 5. h4 Bg4 6. hxg5 Nc6 7. d4 Bxf3 8. Qxf3 Nxd4 9. Qxf4 Qe7 10. Be3 Nxc2+ 11. Kd1 Nxe3+ 12. Qxe3 Bg7 13. Rf1 Bxb2 14. Qb3 Bxa1 15. Qxb7 Rd8 16. Rxf7 Qxf7 17. Bxf7+ Kxf7 18. Qxc7+ Ke8 19. Nc3 Ne7 20. Nb5 Be5 21. Qc4 d5 22. Qa4 Kf7 23. Qb3 Rb8 24. exd5 Kg7 25. Qe3 Ng6 26. Qxa7+ Kf8 27. Nc3 Bc7 28. Qxc7 Re8 29. d6 Ne5 30. d7 Nxd7 31. Qxd7 Rg8 32. Qd6+ Re7 33. a4 Rgg7 34. a5 Rg6 35. Qf4+ Ke8 36. Qb8+ Kf7 37. Qb3+ Kf8 38. Qd5 Ree6 39. Qc4 Kf7 40. Qc7+ Re7 41. Qf4+ Kg7 42. Qd4+ Kf7 43. Qc4+ Ree6 44. a6 Kg7 45. Qc7+ Kg8 46. a7 Rd6+ 47. Ke1 1-0

[Event "Asker CC-ch Master"]
[Site "Asker"]
[Date "2016.02.15"]
[Round "4"]
[White "Grondahl, David A"]
[Black "Odegaard, Per"]
[Result "0-1"]
[WhiteElo "1400"]
[BlackElo "1706"]
[PlyCount "60"]
[EventDate "2016.01.11"]
[EventType "swiss"]
[EventRounds "9"]
[EventCountry "NOR"]
[SourceTitle "EXT 2024"]
[Source "ChessBase"]
[SourceDate "2023.10.10"]
[SourceVersion "1"]
[SourceVersionDate "2023.10.10"]
[SourceQuality "1"]

1. d4 f5 2. c4 g6 3. Nf3 Bg7 4. g3 d6 5. Bg2 Nf6 6. 0-0 0-0 7. b3 Qe8 8. Bb2 h6 9. Qc2 Nbd7 10. Nbd2 e5 11. e4 f4 12. c5 g5 13. cxd6 cxd6 14. Nc4 g4 15. Nh4 f3 16. Nxf3 gxf3 17. Bxf3 Qe6 18. d5 Qe7 19. Ba3 Ne8 20. Bh5 Ndf6 21. Bf3 Nxd5 22. exd5 Rxf3 23. Qg6 Rf6 24. Qh5 Bf5 25. Nxe5 Qxe5 26. Rae1 Qxd5 27. Rxe8+ Rxe8 28. Qxe8+ Rf8 29. Qh5 Qe6 30. Rc1 Bd4 0-1

[Event "Asker Host A"]
[Site "Asker"]
[Date "2015.09.21"]
[Round "3"]
[White "Odegaard, Per"]
[Black "Rambo, Jan Bjarne"]
[Result "0-1"]
[WhiteElo "1919"]
[BlackElo "1947"]
[PlyCount "138"]
[EventDate "2015.08.31"]
[EventType "tourn"]
[EventRounds "9"]
[EventCountry "NOR"]
[SourceTitle "EXT 2018"]
[Source "ChessBase"]
[SourceDate "2017.10.13"]
[SourceVersion "1"]
[SourceVersionDate "2017.10.13"]
[SourceQuality "1"]

1. e4 e5 2. Nf3 Nc6 3. Bc4 Bc5 4. c3 Qe7 5. 0-0 d6 6. d4 Bb6 7. Bg5 Nf6 8. Qd3 h6 9. Bh4 0-0 10. Nbd2 Bg4 11. Rae1 Nb8 12. h3 Be6 13. dxe5 Bxc4 14. Nxc4 dxe5 15. Nfxe5 Qe6 16. Kh1 Nbd7 17. f4 Rad8 18. Qe2 Nc5 19. b4 Ncxe4 20. f5 Qd5 21. Qc2 Ng5 22. a4 c6 23. Bxg5 hxg5 24. Rf3 Rfe8 25. Rd3 Qxc4 26. Rxd8 Bxd8 27. Nxc4 Rxe1+ 28. Kh2 Bc7+ 29. g3 Ne4 30. Qd3 Nxg3 31. Kg2 Bf4 32. h4 g4 33. Kf2 Re2+ 34. Qxe2 Nxe2 35. Kxe2 g6 36. fxg6 fxg6 37. Ne3 Bg3 38. Nxg4 Bxh4 39. c4 Kf7 40. Ne5+ Kf6 41. Nd7+ Ke7 42. Ne5 g5 43. Kd3 Bg3 44. Nf3 g4 45. Nd4 Be5 46. Nf5+ Ke6 47. Ke4 Bc7 48. Ng7+ Kf7 49. Nf5 Kf6 50. Ne3 Kg5 51. Ng2 g3 52. Kf3 Kf5 53. Ne3+ Ke5 54. Kxg3 Ke4+ 55. Kf2 Bf4 56. Nd1 Kd3 57. Kf3 Bh6 58. c5 Kc4 59. b5 cxb5 60. axb5 Kxb5 61. Ke4 Kxc5 62. Kd3 b5 63. Kc2 a5 64. Nb2 Bg7 65. Nd3+ Kc4 66. Nc1 a4 67. Kb1 b4 68. Na2 b3 69. Nc1 a3 0-1

[Event "Asker CC-ch"]
[Site "Asker"]
[Date "2015.02.23"]
[Round "4"]
[White "Aulin Jansson, Joran"]
[Black "Odegaard, Per"]
[Result "1-0"]
[WhiteElo "2181"]
[BlackElo "1958"]
[PlyCount "59"]
[EventDate "2015.01.12"]
[EventType "tourn"]
[EventRounds "9"]
[EventCountry "NOR"]
[SourceTitle "EXT 2018"]
[Source "ChessBase"]
[SourceDate "2017.10.13"]
[SourceVersion "1"]
[SourceVersionDate "2017.10.13"]
[SourceQuality "1"]

1. e4 e5 2. Nf3 Nc6 3. Bb5 a6 4. Ba4 b5 5. Bb3 Nf6 6. 0-0 Be7 7. d4 Nxd4 8. Bxf7+ Kxf7 9. Nxe5+ Kf8 10. Qxd4 Bb7 11. Nc3 b4 12. Nd5 c5 13. Qc4 Bd6 14. f4 Nxd5 15. exd5 a5 16. Qe4 Qe7 17. Be3 g6 18. Rad1 Kg7 19. Qf3 Rhf8 20. Qg3 Ba6 21. Rfe1 Rf5 22. Bc1 Bxe5 23. Rxe5 Rxe5 24. fxe5 Re8 25. e6 dxe6 26. d6 Qd7 27. Qe5+ Kg8 28. Bh6 Bb7 29. Rf1 Qc6 30. Qxe6+ 1-0

[Event "Asker CC-ch"]
[Site "Asker"]
[Date "2015.02.09"]
[Round "3"]
[White "Odegaard, Per"]
[Black "Rambo, Jan Bjarne"]
[Result "0-1"]
[WhiteElo "1958"]
[BlackElo "1968"]
[PlyCount "38"]
[EventDate "2015.01.12"]
[EventType "tourn"]
[EventRounds "9"]
[EventCountry "NOR"]
[SourceTitle "EXT 2018"]
[Source "ChessBase"]
[SourceDate "2017.10.13"]
[SourceVersion "1"]
[SourceVersionDate "2017.10.13"]
[SourceQuality "1"]

1. e4 e5 2. Nf3 Nc6 3. Bc4 Nf6 4. Ng5 d5 5. exd5 Nd4 6. c3 b5 7. Bf1 Nxd5 8. cxd4 Qxg5 9. Bxb5+ Kd8 10. Qf3 e4 11. Qxe4 Bd6 12. 0-0 Rb8 13. Nc3 Bb7 14. d3 Qh4 15. Re1 Qxh2+ 16. Kf1 Qh1+ 17. Ke2 Nxc3+ 18. bxc3 Qxe1+ 19. Kxe1 Bxe4 0-1